| 000 | 00438 a2200169 4500 | ||
|---|---|---|---|
| 001 | 190198 | ||
| 020 | _a85-16-03976-5 | ||
| 040 | _cMagnum | ||
| 100 | _aAzevedo, Álvares de | ||
| 240 | 1 | 0 |
_aNoite na taverna e poemas escolhidos (de lira dos 20 anos) _lpor |
| 245 | 1 | 0 | _aNoite na taverna e poemas escolhidos (de lira dos 20 anos) |
| 300 | _a115 | ||
| 362 | 0 | _a2013 | |
| 440 | 1 | _aModerna | |
| 697 | _aLITERATURA GERAL | ||
| 942 | _cBK | ||
| 999 |
_c190198 _d190198 |
||